<?xml version="1.0" encoding="UTF-8"?><?xml-stylesheet type="text/xsl" href="static/style.xsl"?><OAI-PMH xmlns="http://www.openarchives.org/OAI/2.0/" xmlns:xsi="http://www.w3.org/2001/XMLSchema-instance" xsi:schemaLocation="http://www.openarchives.org/OAI/2.0/ http://www.openarchives.org/OAI/2.0/OAI-PMH.xsd"><responseDate>2026-04-17T06:38:52Z</responseDate><request verb="GetRecord" identifier="oai:www.recercat.cat:10256/11091" metadataPrefix="marc">https://recercat.cat/oai/request</request><GetRecord><record><header><identifier>oai:recercat.cat:10256/11091</identifier><datestamp>2024-06-14T09:43:10Z</datestamp><setSpec>com_2072_452955</setSpec><setSpec>com_2072_2054</setSpec><setSpec>col_2072_453064</setSpec></header><metadata><record xmlns="http://www.loc.gov/MARC21/slim" xmlns:dcterms="http://purl.org/dc/terms/" xmlns:xsi="http://www.w3.org/2001/XMLSchema-instance" xmlns:doc="http://www.lyncode.com/xoai" xsi:schemaLocation="http://www.loc.gov/MARC21/slim http://www.loc.gov/standards/marcxml/schema/MARC21slim.xsd">
   <leader>00925njm 22002777a 4500</leader>
   <datafield ind2=" " ind1=" " tag="042">
      <subfield code="a">dc</subfield>
   </datafield>
   <datafield ind2=" " ind1=" " tag="720">
      <subfield code="a">González i Planas, Francesc</subfield>
      <subfield code="e">author</subfield>
   </datafield>
   <datafield ind2=" " ind1=" " tag="260">
      <subfield code="c">2009</subfield>
   </datafield>
   <datafield ind2=" " ind1=" " tag="520">
      <subfield code="a">The aim of this study is to contribute to the characterisation of the Subject positions mapping in the null-Subject Romance languages from the adaptation of several previous proposals prior to our own analysis of the data: Italian weak pronouns and the effect of preverbal Subjects in the placing of Asturian clitics. It is been checked that the proposals about a projection codifying the feature [Predication Subject] within the domain of Inflection are not suitable, instead Frascarelli’s proposal (2007) is adapted to the derivation principle proposed by Rosselló (2000)</subfield>
   </datafield>
   <datafield ind2=" " ind1=" " tag="520">
      <subfield code="a">La majoria d'autors que treballen dins el marc teòric de la gramàtica generativa consideren que els subjectes postverbals de les llengües pro-drop s'obtenen d'ajuntar (Merge) un pro expletiu en la posició d'especificador de ST per satisfer el PPA (Chomsky 1995) ---considerat un universal lingüístic---, la qual cosa evita que el subjecte lèxic es mogui des del domini-θ fins a aquesta posició. En canvi, segons aquesta proposta, els subjectes preverbals fixen la seva posició a especificador de ST gràcies a un moviment-A, com passa en les llengües de subjecte explícit com ara l'anglès. La hipòtesi anterior, juntament amb d'altres no tant difoses, Rosselló (2000) ha demostrat que és falsa i ha proposat una explicació dins el marc minimista que explica de manera satisfactòria l'observació feta per Solà (1992) que els subjectes preverbals no focalitzats estan situats en una posició no argumental, la qual cosa posa en dubte que el PPA de ST sigui universal. A partir de la proposta de Rosselló (2000) sobre la derivació de les posicions dels subjectes en les llengües de subjecte nul i de les observacions de Barbosa (2000) sobre la naturalesa dislocada dels subjectes preverbals, en aquesta comunicació intentarem definir el mapa de les diferents posicions de subjecte en les llengües romàniques, tot simplificant altres propostes cartogràfiques que no s'adeqüen a la derivació assumida ací (cf. Cardinaletti 2004)</subfield>
   </datafield>
   <datafield ind1="8" ind2=" " tag="024">
      <subfield code="a">http://hdl.handle.net/10256/11091</subfield>
   </datafield>
   <datafield tag="653" ind2=" " ind1=" ">
      <subfield code="a">Gramàtica generativa</subfield>
   </datafield>
   <datafield tag="653" ind2=" " ind1=" ">
      <subfield code="a">Generative grammar</subfield>
   </datafield>
   <datafield tag="653" ind2=" " ind1=" ">
      <subfield code="a">Llengües romàniques -- Gramàtica generativa</subfield>
   </datafield>
   <datafield tag="653" ind2=" " ind1=" ">
      <subfield code="a">Romance languages -- Grammar, Generative</subfield>
   </datafield>
   <datafield ind2="0" ind1="0" tag="245">
      <subfield code="a">Cartografia de les posicions de subjecte en les llengües romàniques pro-drop</subfield>
   </datafield>
</record></metadata></record></GetRecord></OAI-PMH>